[Event "RUS-chT rapid"]
[Site "Sochi"]
[Date "2017.10.03"]
[Round "3.2"]
[White "Morozevich, Alexander"]
[Black "Linker, Mikhail"]
[Result "1-0"]
[WhiteElo "2665"]
[BlackElo "2269"]
[PlyCount "85"]
[EventDate "2017.10.03"]
[EventType "team-swiss (rapid)"]
[EventRounds "9"]
[EventCountry "RUS"]
[SourceTitle "EXT 2018"]
[Source "ChessBase"]
[SourceDate "2017.10.13"]
[SourceVersion "1"]
[SourceVersionDate "2017.10.13"]
[SourceQuality "1"]
[WhiteTeam "Moscow Fighters for the Idea"]
[BlackTeam "Crimea Republic"]
[WhiteTeamCountry "RUS"]
[BlackTeamCountry "RUS"]

1. e4 c5 2. Nf3 d6 3. d4 cxd4 4. Nxd4 Nf6 5. Nc3 g6 6. Be3 Bg7 7. f3 Nc6 8. Qd2 0-0 9. g4 Nxd4 10. Bxd4 Qa5 11. h4 Be6 12. h5 Rfc8 13. a3 b5 14. Nxb5 Qxd2+ 15. Kxd2 a6 16. h6 Bh8 17. g5 axb5 18. gxf6 b4 19. a4 Bxf6 20. Bxf6 exf6 21. Bd3 Ra5 22. b3 f5 23. Rh4 fxe4 24. Rxe4 Rb8 25. Rd4 Rb6 26. Rh1 Bd5 27. Ke3 Kf8 28. Rhh4 g5 29. Rh5 Be6 30. Bxh7 Re5+ 31. Kf2 Rc5 32. Bd3 Kg8 33. f4 f6 34. h7+ Kh8 35. Rh6 Bf5 36. Bc4 Bxh7 37. Rxf6 Bxc2 38. fxg5 Rxg5 39. Rdxd6 Rxd6 40. Rxd6 Rg6 41. Rxg6 Bxg6 42. Ke3 Kg7 43. a5 1-0

[Event "Moscow op-A 13th"]
[Site "Moscow"]
[Date "2017.01.31"]
[Round "4"]
[White "Alikulov, Elbek"]
[Black "Linker, Mikhail"]
[Result "1-0"]
[WhiteElo "2369"]
[BlackElo "2246"]
[PlyCount "51"]
[EventDate "2017.01.28"]
[EventType "swiss"]
[EventRounds "9"]
[EventCountry "RUS"]
[SourceTitle "EXT 2018"]
[Source "ChessBase"]
[SourceDate "2017.10.13"]
[SourceVersion "1"]
[SourceVersionDate "2017.10.13"]
[SourceQuality "1"]

1. e4 c5 2. Nf3 d6 3. d4 cxd4 4. Nxd4 Nf6 5. Nc3 g6 6. Be2 Bg7 7. 0-0 0-0 8. Re1 Nc6 9. Nb3 a6 10. Bg5 b5 11. Bf1 Ng4 12. h3 Nge5 13. a4 Nc4 14. axb5 Nxb2 15. Qd2 Ne5 16. Nd5 Re8 17. Qa5 Qd7 18. Nb6 Qa7 19. Nxa8 Qxa8 20. bxa6 Bxh3 21. gxh3 Nf3+ 22. Kg2 Nxe1+ 23. Rxe1 Rc8 24. Qd5 Qb8 25. Qb7 Bc3 26. Rb1 1-0

[Event "Moscow op-A 13th"]
[Site "Moscow"]
[Date "2017.01.28"]
[Round "1"]
[White "Linker, Mikhail"]
[Black "Oganian, Miran"]
[Result "0-1"]
[WhiteElo "2246"]
[BlackElo "2452"]
[PlyCount "130"]
[EventDate "2017.01.28"]
[EventType "swiss"]
[EventRounds "9"]
[EventCountry "RUS"]
[SourceTitle "EXT 2018"]
[Source "ChessBase"]
[SourceDate "2017.10.13"]
[SourceVersion "1"]
[SourceVersionDate "2017.10.13"]
[SourceQuality "1"]

1. d4 Nf6 2. c4 c5 3. d5 e6 4. Nc3 exd5 5. cxd5 d6 6. Nf3 g6 7. Bf4 a6 8. a4 Bg7 9. e3 0-0 10. h3 Re8 11. Nd2 Nbd7 12. Be2 Ne5 13. 0-0 Nfd7 14. Re1 f5 15. Bh2 Nf7 16. Nc4 Nde5 17. Qc2 Nxc4 18. Bxc4 Qf6 19. a5 Bd7 20. Na4 Rad8 21. Qb3 Re7 22. Rab1 g5 23. Nb6 Be8 24. Bd3 Ne5 25. Bxe5 Rxe5 26. Nc4 Re7 27. e4 fxe4 28. Rxe4 Rxe4 29. Bxe4 Bb5 30. Qc2 Bxc4 31. Qxc4 Qf7 32. Qc2 Bd4 33. Re1 Rf8 34. Bf3 Be5 35. Qd2 Qf4 36. Qxf4 Rxf4 37. b3 Rb4 38. Re3 c4 39. Bd1 c3 40. Bc2 Rb5 41. Kf1 Rxa5 42. Ke2 Rxd5 43. Rd3 Ra5 44. Rd1 Ra2 45. Kd3 Kf7 46. b4 Ke7 47. h4 h6 48. hxg5 hxg5 49. Rh1 Kd7 50. g3 Kc6 51. f4 gxf4 52. gxf4 Bxf4 53. Kxc3 Be5+ 54. Kd2 Kd5 55. Rh4 Bd4 56. Kd3 Ra3+ 57. Kd2 Kc4 58. Bd1 Ra2+ 59. Bc2 Rb2 60. b5 a5 61. Rh7 b6 62. Rd7 Bc5 63. Rc7 a4 64. Kc1 a3 65. Ra7 Kc3 0-1

[Event "RUS-ch rapid"]
[Site "Sochi"]
[Date "2016.10.02"]
[Round "1"]
[White "Dreev, Alexey"]
[Black "Linker, Mikhail"]
[Result "1-0"]
[WhiteElo "2660"]
[BlackElo "2246"]
[PlyCount "99"]
[EventDate "2016.10.02"]
[EventType "swiss (rapid)"]
[EventRounds "10"]
[EventCountry "RUS"]
[SourceTitle "CBM 174 Extra"]
[Source "ChessBase"]
[SourceDate "2016.10.10"]
[SourceVersion "1"]
[SourceVersionDate "2016.10.10"]
[SourceQuality "1"]

1. d4 Nf6 2. Nf3 b6 3. Bg5 Ne4 4. Bh4 Bb7 5. Nbd2 g6 6. Nxe4 Bxe4 7. d5 Bg7 8. Ng5 Bf5 9. e4 Bxb2 10. exf5 Bc3+ 11. Ke2 Bxa1 12. Qxa1 f6 13. g4 Na6 14. Bg2 h6 15. Ne4 g5 16. Bg3 d6 17. h4 Kf7 18. Qd4 Nc5 19. Nxc5 bxc5 20. Qe3 Qe8 21. f4 Qb5+ 22. Kf2 gxh4 23. Bxh4 Qb2 24. Qe6+ Kf8 25. Re1 Re8 26. Re2 Qd4+ 27. Kg3 Rg8 28. Bf3 Qg1+ 29. Rg2 Qd4 30. Qe1 Rg7 31. Re2 Rb8 32. Re4 Qb2 33. Qa5 Qb6 34. Qa4 c4 35. Re1 Qb5 36. Qxa7 Qb6 37. Qa4 Qb5 38. Qxb5 Rxb5 39. a4 Ra5 40. Ra1 Ke8 41. Kh3 Kd7 42. Be1 c3 43. Bxc3 Rc5 44. Ra3 Rg8 45. a5 h5 46. gxh5 Rc4 47. a6 Rxf4 48. Bd2 Rd4 49. Be3 Rc4 50. a7 1-0